00791 2200265 4500001002100000005001700021008004100038035002400079082001100103090001800114100002000132245013300152260002800285300002500313500005300338650001500391700002300406700002100429850001300450980001300463985000600476986001300482999001500495999001500510YOGYA-0209000000412320090227020703.0 ind  0010-020900000004123 a651.02 a651.02bMor S aMORTON, Gillian aSecretaris yang suksesb(Dua arah pengembangan karir) kisah nyatacGillian Morton, Sheyla TStanwell ; penerjemah Magdalena Yamin aJakartabErlanggac1979 a152 hlmbilusc21 cm aJudul asli : The secretary game two ways to play aSecretaris aStanwell, Sheyla T aYamin, Magdalena aYOPDYOGB a02/05/06 a2 aPKL-UGMM aP000007750 aP000007752